00430nam a2200157Ia 450000500170000000800410001702000150005805000250007310000210009824500680011926000340018730000290022144000060025052100070025652600090026320140314135859.0140130s9999 xx 000 0 und d a0590897497 aHV 9950 b.Su85 1997 aSullivan, George cGeorge SullivanaNot Guilty :bFive Times When justice failed / bScholastic,c1997aNew York : a148 p. :bill. ;c22 cm. v1 aG9 c1000